[Event "Stay Safe Play From Home 327"]
[Site "Mustafa Kemal Atatürk"]
[Date "2020.07.23"]
[Round "9"]
[White "Haris kollari 13"]
[Black "Padmaesh M K"]
[Result "0-1"]
[WhiteElo "1879"]
[BlackElo "1824"]
[Annotator "NA"]
[PlyCount "94"]
[EventDate "2020.07.23"]
[EventType "swiss (blitz)"]

1. e4 {[%emt 0:00:01]} c5 {[%emt 0:00:03]} 2. Nf3 {[%emt 0:00:01]} d6 {[%emt 0:00:02]} 3. d4 {[%emt 0:00:01]} cxd4 {[%emt 0:00:00]} 4. Nxd4 {[%emt 0:00:01]} Nf6 {[%emt 0:00:01]} 5. Nc3 {[%emt 0:00:01]} a6 {[%emt 0:00:02]} 6. f4 {[%emt 0:00:01]} Nc6 {[%emt 0:00:02]} 7. Be2 {[%emt 0:00:01]} e5 {[%emt 0:00:04]} 8. Nb3 {[%emt 0:00:07]} Be7 {[%emt 0:00:03]} 9. Bf3 {[%emt 0:00:01]} O-O {[%emt 0:00:02]} 10. Be3 {[%emt 0:00:04]} Be6 {[%emt 0:00:04]} 11. Qd2 {[%emt 0:00:01]} Qc7 {[%emt 0:00:09]} 12. f5 {[%emt 0:00:01]} Bd7 {[%emt 0:00:01]} 13. O-O-O {[%emt 0:00:02]} Rac8 {[%emt 0:00:04]} 14. g4 {[%emt 0:00:01]} b5 {[%emt 0:00:01]} 15. g5 {[%emt 0:00:01]} b4 {[%emt 0:00:07]} 16. gxf6 {[%emt 0:00:02]} bxc3 {[%emt 0:00:04]} 17. Qxc3 {[%emt 0:00:02]} Bxf6 {[%emt 0:00:03]} 18. h4 {[%emt 0:00:03]} Nb4 {[%emt 0:00:21]} 19. Qxc7 {[%emt 0:00:02]} Rxc7 {[%emt 0:00:03]} 20. c3 {[%emt 0:00:02]} Nxa2+ {[%emt 0:00:05]} 21. Kd2 {[%emt 0:00:16]} Ba4 {[%emt 0:00:02]} 22. Na5 {[%emt 0:00:13]} Bxd1 {[%emt 0:00:03]} 23. Rxd1 {[%emt 0:00:03]} Rb8 {[%emt 0:00:01]} 24. Kc2 {[%emt 0:00:24]} Nb4+ {[%emt 0:00:09]} 25. Kb1 {[%emt 0:00:02]} Nc6 {[%emt 0:00:02]} 26. Nc4 {[%emt 0:00:05]} Nd4 {[%emt 0:00:03]} 27. cxd4 {[%emt 0:00:10]} Rxc4 {[%emt 0:00:01]} 28. d5 {[%emt 0:00:11]} Rcb4 {[%emt 0:00:04]} 29. Bc1 {[%emt 0:00:01]} Bxh4 {[%emt 0:00:02]} 30. Rd3 {[%emt 0:00:02]} a5 {[%emt 0:00:07]} 31. Ka2 {[%emt 0:00:13]} a4 {[%emt 0:00:03]} 32. Rc3 {[%emt 0:00:04]} Rb3 {[%emt 0:00:03]} 33. Be2 {[%emt 0:00:14]} Rxc3 {[%emt 0:00:03]} 34. bxc3 {[%emt 0:00:01]} Rb3 {[%emt 0:00:03]} 35. Bd2 {[%emt 0:00:01]} Bf2 {[%emt 0:00:04]} 36. Bd1 {[%emt 0:00:01]} Rb7 {[%emt 0:00:04]} 37. Bxa4 {[%emt 0:00:01]} Ra7 {[%emt 0:00:02]} 38. Kb3 {[%emt 0:00:01]} Bc5 {[%emt 0:00:02]} 39. c4 {[%emt 0:00:02]} h5 {[%emt 0:00:01]} 40. Be1 {[%emt 0:00:04]} Rb7+ {[%emt 0:00:02]} 41. Bb5 {[%emt 0:00:01]} Ra7 {[%emt 0:00:02]} 42. Ba4 {[%emt 0:00:01]} Kh7 {[%emt 0:00:02]} 43. Bh4 {[%emt 0:00:03]} Kh6 {[%emt 0:00:03]} 44. Be1 {[%emt 0:00:01]} g5 {[%emt 0:00:02]} 45. fxg6 {[%emt 0:00:03]} fxg6 {[%emt 0:00:01]} 46. Bd2+ {[%emt 0:00:01]} g5 {[%emt 0:00:01]} 47. Be8 {[%emt 0:00:04]} h4 {[%emt 0:00:01] Time (Lag: Av=0.45s, max=0.8s)} 0-1

[Event "Stay Safe Play From Home 327"]
[Site "Mustafa Kemal Atatürk"]
[Date "2020.07.23"]
[Round "9"]
[White "Tunca"]
[Black "Greblha"]
[Result "0-1"]
[WhiteElo "1767"]
[BlackElo "1908"]
[PlyCount "118"]
[EventDate "2020.07.23"]
[EventType "swiss (blitz)"]

1. e4 {[%emt 0:00:02]} c6 {[%emt 0:00:00]} 2. d4 {[%emt 0:00:01]} d5 {[%emt 0:00:00]} 3. Nc3 {[%emt 0:00:00]} dxe4 {[%emt 0:00:01]} 4. Nxe4 {[%emt 0:00:00]} Nf6 {[%emt 0:00:00]} 5. Ng3 {[%emt 0:00:01]} Bg4 {[%emt 0:00:02]} 6. Be2 {[%emt 0:00:02]} Bxe2 {[%emt 0:00:00]} 7. N1xe2 {[%emt 0:00:01]} e6 {[%emt 0:00:00]} 8. O-O {[%emt 0:00:01]} Bd6 {[%emt 0:00:01]} 9. Nc3 {[%emt 0:00:01]} O-O {[%emt 0:00:01]} 10. Bg5 {[%emt 0:00:02]} Nbd7 {[%emt 0:00:01]} 11. Nce4 {[%emt 0:00:03]} Be7 {[%emt 0:00:01]} 12. Re1 {[%emt 0:00:05]} Nxe4 {[%emt 0:00:02]} 13. Bxe7 {[%emt 0:00:01]} Qxe7 {[%emt 0:00:02]} 14. Nxe4 {[%emt 0:00:00]} Nf6 {[%emt 0:00:01]} 15. Nc5 {[%emt 0:00:04]} b6 {[%emt 0:00:02]} 16. Nd3 {[%emt 0:00:04]} Rfd8 {[%emt 0:00:00]} 17. Ne5 {[%emt 0:00:03]} Rac8 {[%emt 0:00:03]} 18. Qf3 {[%emt 0:00:09]} Qc7 {[%emt 0:00:17]} 19. Rad1 {[%emt 0:00:02]} c5 {[%emt 0:00:06]} 20. dxc5 {[%emt 0:00:31]} Rxd1 {[%emt 0:00:04]} 21. Qxd1 {[%emt 0:00:00]} Rd8 {[%emt 0:00:07]} 22. Qe2 {[%emt 0:00:12]} Qxc5 {[%emt 0:00:04]} 23. Nd3 {[%emt 0:00:01]} Qd4 {[%emt 0:00:07]} 24. Qe5 {[%emt 0:00:06]} Qxe5 {[%emt 0:00:03]} 25. Rxe5 {[%emt 0:00:00]} Kf8 {[%emt 0:00:03]} 26. Kf1 {[%emt 0:00:01]} Ke7 {[%emt 0:00:01]} 27. f3 {[%emt 0:00:05]} Kd6 {[%emt 0:00:01]} 28. Rg5 {[%emt 0:00:02]} g6 {[%emt 0:00:02]} 29. Re5 {[%emt 0:00:10]} Nd5 {[%emt 0:00:07]} 30. Re1 {[%emt 0:00:02]} a6 {[%emt 0:00:02]} 31. Ke2 {[%emt 0:00:01]} Rc8 {[%emt 0:00:03]} 32. Kd2 {[%emt 0:00:02]} f6 {[%emt 0:00:03]} 33. Re4 {[%emt 0:00:03]} e5 {[%emt 0:00:01]} 34. c3 {[%emt 0:00:16]} b5 {[%emt 0:00:02]} 35. f4 {[%emt 0:00:04]} exf4 {[%emt 0:00:04]} 36. Nxf4 {[%emt 0:00:00]} Nxf4 {[%emt 0:00:02]} 37. Rxf4 {[%emt 0:00:00]} Ke5 {[%emt 0:00:09]} 38. Rd4 {[%emt 0:00:01]} f5 {[%emt 0:00:06]} 39. Kc2 {[%emt 0:00:06]} f4 {[%emt 0:00:06]} 40. Kd3 {[%emt 0:00:03]} g5 {[%emt 0:00:02]} 41. g3 {[%emt 0:00:08]} fxg3 {[%emt 0:00:04]} 42. hxg3 {[%emt 0:00:00]} h5 {[%emt 0:00:01]} 43. Ke3 {[%emt 0:00:01]} Kf5 {[%emt 0:00:07]} 44. Kf3 {[%emt 0:00:03]} g4+ {[%emt 0:00:02]} 45. Kf2 {[%emt 0:00:02]} Re8 {[%emt 0:00:09]} 46. Rf4+ {[%emt 0:00:01]} Kg5 {[%emt 0:00:02]} 47. Rd4 {[%emt 0:00:01]} Re5 {[%emt 0:00:08]} 48. Rd6 {[%emt 0:00:04]} a5 {[%emt 0:00:01]} 49. Rd4 {[%emt 0:00:02]} h4 {[%emt 0:00:01]} 50. gxh4+ {[%emt 0:00:01]} Kxh4 {[%emt 0:00:01]} 51. Rd8 {[%emt 0:00:02]} g3+ {[%emt 0:00:07]} 52. Kf3 {[%emt 0:00:00]} Rf5+ {[%emt 0:00:01]} 53. Kg2 {[%emt 0:00:02]} Rf2+ {[%emt 0:00:01]} 54. Kg1 {[%emt 0:00:00]} Rxb2 {[%emt 0:00:03]} 55. Rh8+ {[%emt 0:00:01]} Kg4 {[%emt 0:00:01]} 56. Rg8+ {[%emt 0:00:00]} Kf3 {[%emt 0:00:02]} 57. Rf8+ {[%emt 0:00:00]} Ke2 {[%emt 0:00:03]} 58. Re8+ {[%emt 0:00:00]} Kd3 {[%emt 0:00:01]} 59. Rd8+ {[%emt 0:00:01]} Kxc3 {[%emt 0:00:00] Time (Lag: Av=0.51s, max=1.9s)} 0-1